| 000 | 00890nam a2200229 4500 | ||
|---|---|---|---|
| 003 | CO-ViMGA | ||
| 020 | _a9789588699929 | ||
| 040 |
_aCO-ViMGA _bspa _cCO-ViMGA |
||
| 090 | _aC CUV1 | ||
| 100 | 1 |
_aCuvellier, Vincent _97947 |
|
| 245 | 1 | 0 |
_aEmilio tiene una pesadilla ; Emilio y los demás / _cVincent Cuvellier ; ilustración Ronan Badel ; traducción Diego de los Santos |
| 260 |
_aBogotá : _bGrupo Penta |
||
| 300 |
_a[54] páginas sin numerar : _bilustraciones en color ; 21 cm. |
||
| 490 | _aPlan Nacional de Lectura y Escritura Leer es mi Cuento / Ministerio de Cultura | ||
| 500 | _aDe 4 A 6 Años | ||
| 650 | 1 | 4 |
_a Libros Ilustrados Para Niños _987 |
| 650 | 1 | 4 |
_a Literatura Infantil Francesa - Siglo Xx _97949 |
| 650 | 1 | 4 |
_aCuentos Infantiles Franceses - Siglo Xx _97948 |
| 700 | 1 |
_aBadel, Ronan, _eil. _97950 |
|
| 700 | 1 |
_aSantos, Diego de los, _eTr. _97951 |
|
| 942 |
_2ddc _cBK |
||
| 999 |
_c7714 _d7714 |
||